| 000 | 01348cam a2200373 i 4500 | ||
|---|---|---|---|
| 003 | EG-ScBUE | ||
| 005 | 20240229134023.0 | ||
| 008 | 080411s2007 ua a f 000 0beng d | ||
| 020 | _a9774161254 | ||
| 020 | _a9789774161254 | ||
| 040 |
_aCaPaEBR _beng _erda _cCaPaEBR _dWaSeSS _dEG-ScBUE |
||
| 041 | 1 |
_aeng _hara |
|
| 043 | _af-ua--- | ||
| 082 | 0 | 4 |
_a928.927 _bSAL _222 |
| 100 | 1 |
_aSalmawy, Mohamed, _eauthor. |
|
| 240 | 1 | 0 |
_aal-maḥaṭṭah al-akhīrah. _lEnglish |
| 245 | 1 | 4 |
_aThe last station : _bNaguib Mahfouz looking back / _cMohamed Salmawy ; translated by Andy Smart and Nadia Fouda-Smart. |
| 246 | 3 | 0 | _aNaguib Mahfouz looking back |
| 264 | 1 |
_aCairo ; _aNew York : _bThe American University in Cairo Press, _c2007. |
|
| 300 |
_aviii, 112 pages : _billustrations ; _c24 cm |
||
| 336 |
_2rdacontent _atext _btxt |
||
| 337 |
_aunmediated _2rdamedia _bn |
||
| 338 |
_avolume _bnc _2rdacarrier |
||
| 546 | _aIn English ; translated from original Arabic. | ||
| 600 | 1 | 7 |
_aMaḥfūẓ, Najīb, _d1911-2006. _2BUEsh _924093 |
| 650 | 7 |
_aAuthors, Arab _zEgypt _vBiography. _2BUEsh |
|
| 651 | _2BUEsh | ||
| 653 |
_bARALIT _bGGEN _cMarch2017 |
||
| 655 | _vReading book | ||
| 700 | 1 |
_aFouda-Smart, Nadia, _etranslator. |
|
| 700 | 1 |
_aSmart, Andy, _etranslator. |
|
| 942 |
_2ddc _cBB |
||
| 999 |
_c24460 _d24432 |
||